[Event "Windsor NAYCC U12"]
[Site "Windsor"]
[Date "2016.08.07"]
[Round "1.107"]
[White "Grabinsky, Joshua"]
[Black "Liu, Bowser"]
[Result "1-0"]
[WhiteElo "1704"]
[BlackElo "895"]
[PlyCount "47"]
[EventDate "2016.08.07"]
[EventType "swiss"]
[EventRounds "9"]
[EventCountry "CAN"]
[SourceTitle "EXT 2022"]
[Source "ChessBase"]
[SourceDate "2021.10.06"]
[SourceVersion "1"]
[SourceVersionDate "2021.10.06"]
[SourceQuality "1"]

1. e4 e6 2. d4 d5 3. Nd2 c5 4. exd5 exd5 5. dxc5 Bxc5 6. Bd3 Bd7 7. Nb3 Qb6 8. Nxc5 Qxc5 9. Nf3 Bg4 10. Qe2+ Ne7 11. 0-0 0-0 12. Bxh7+ Kh8 13. Bd3 Nbc6 14. Qe3 Qb6 15. Qg5 f5 16. Qh4+ Kg8 17. Ng5 Rf6 18. Qh7+ Kf8 19. Qh8+ Ng8 20. Nh7+ Kf7 21. Nxf6 Kxf6 22. h3 Bxh3 23. Qxh3 g6 24. Re1 1-0

[Event "Toronto NAYCC U10"]
[Site "Toronto"]
[Date "2013.08.16"]
[Round "5"]
[White "Yu, Ryan"]
[Black "Liu, Bowser"]
[Result "1-0"]
[WhiteElo "802"]
[BlackElo "736"]
[PlyCount "61"]
[EventDate "2013.08.14"]
[EventType "swiss"]
[EventRounds "9"]
[EventCountry "CAN"]
[SourceTitle "EXT 2022"]
[Source "ChessBase"]
[SourceDate "2021.10.06"]
[SourceVersion "1"]
[SourceVersionDate "2021.10.06"]
[SourceQuality "1"]

1. e4 e5 2. Nf3 Nc6 3. Bc4 Nf6 4. Nc3 Bc5 5. 0-0 0-0 6. h3 h6 7. d3 d6 8. a3 b6 9. b4 Bd4 10. Nxd4 Nxd4 11. Be3 Bd7 12. Bxd4 exd4 13. Nd5 Nxd5 14. exd5 Qc8 15. Qf3 b5 16. Bb3 Qb7 17. a4 a6 18. axb5 axb5 19. Rxa8 Qxa8 20. Rc1 Qa7 21. Qd1 Re8 22. Ra1 c5 23. Rxa7 Bf5 24. Qf3 Bg6 25. h4 Re1+ 26. Kh2 Rb1 27. h5 Bf5 28. Qxf5 f6 29. Qc8+ Kh7 30. Qf8 f5 31. Rxg7# 1-0

[Event "Toronto NAYCC U10"]
[Site "Toronto"]
[Date "2013.08.14"]
[Round "1"]
[White "Liu, Bowser"]
[Black "Low, Ethan"]
[Result "0-1"]
[WhiteElo "736"]
[BlackElo "1397"]
[PlyCount "64"]
[EventDate "2013.08.14"]
[EventType "swiss"]
[EventRounds "9"]
[EventCountry "CAN"]
[SourceTitle "EXT 2022"]
[Source "ChessBase"]
[SourceDate "2021.10.06"]
[SourceVersion "1"]
[SourceVersionDate "2021.10.06"]
[SourceQuality "1"]

1. e4 d6 2. Bb5+ c6 3. Bc4 Nf6 4. Nc3 b5 5. Bd3 Nbd7 6. Nf3 e5 7. a4 b4 8. Na2 a5 9. b3 Nc5 10. Qe2 Be7 11. Bc4 Ncxe4 12. d3 Nc5 13. 0-0 0-0 14. Bg5 d5 15. Nxe5 dxc4 16. Nxc4 Re8 17. Rfe1 Be6 18. Bxf6 Bxf6 19. Qh5 Bxa1 20. Rxa1 Qd5 21. Qxd5 Bxd5 22. h3 Bxc4 23. dxc4 Re2 24. Kf1 Rxc2 25. Nc1 Rb2 26. Ra2 Rb1 27. Ra1 Rxa1 28. Kg1 Rxc1+ 29. Kh2 Re8 30. Kg3 Nxb3 31. Kh4 Rxc4+ 32. Kg5 Re5# 0-1